[Event "Doeberl Cup U1200 48th"]
[Site "Canberra"]
[Date "2010.04.03"]
[Round "6"]
[White "Ashton, James"]
[Black "Gong, Noah"]
[Result "0-1"]
[WhiteElo "148"]
[BlackElo "762"]
[PlyCount "98"]
[EventDate "2010.04.02"]
[EventType "swiss"]
[EventRounds "6"]
[EventCountry "AUS"]
[SourceTitle "EXT 2012"]
[Source "ChessBase"]
[SourceDate "2011.11.24"]
[SourceVersion "1"]
[SourceVersionDate "2011.11.24"]
[SourceQuality "1"]

1. e4 e5 2. Nf3 Nc6 3. Bb5 a6 4. Ba4 Nf6 5. 0-0 Be7 6. c3 d6 7. d4 b5 8. Bc2 0-0 9. b3 Bg4 10. h3 Bh5 11. Bb2 Qd7 12. c4 bxc4 13. bxc4 exd4 14. Bxd4 Nxd4 15. Qxd4 Bxf3 16. gxf3 Qxh3 17. Qd3 Nh5 18. e5 Nf4 19. Qxh7+ Qxh7 20. Bxh7+ Kxh7 21. Kh2 dxe5 22. Nd2 f6 23. Rh1 Kg8 24. Kg3 Bd6 25. Kg4 Nd3 26. Rh2 Kf7 27. Ne4 Nc5 28. Nxc5 Bxc5 29. Rd1 Bd6 30. c5 Bxc5 31. Rd7+ Be7 32. Rxc7 Rfc8 33. Rb7 Rc4+ 34. Kg3 Rb4 35. Rc7 Rbb8 36. Rh1 Rh8 37. Re1 Rhg8 38. Kg4 Ke6 39. f4 f5+ 40. Kf3 e4+ 41. Kg3 Bd6 42. Rc6 g5 43. Rd1 gxf4+ 44. Kh2 f3+ 45. Rdxd6+ Ke5 46. Re6+ Kf4 47. Rc2 Rh8+ 48. Kg1 Rag8+ 49. Kf1 Rh1# 0-1